Southville International School and Colleges
Your cart is empty.
  • Cart
  • Lists
    Public lists Eva Luna New books Lux_list list_1
    Your lists Log in to create your own lists
  • Log in to your account
  • Your cookies
  • Search history
Southville International School and Colleges
  • Advanced search
  • Recent comments
  • Most popular
  • Libraries

Log in to your account

Log in with GOOGLE


If you do not have an external account, but do have a local account, you can still log in:

  1. Home
  2. MARC view: Basic and applied concepts of blood banking and transfusion practices /
Normal view MARC view ISBD view

Basic and applied concepts of blood banking and transfusion practices / (Record no. 277386)

[ view plain ]
MARC details
000 -LEADER
fixed length control field 00618nam a22001937a 4500
005 - DATE AND TIME OF LATEST TRANSACTION
control field 20150126095810.0
008 - FIXED-LENGTH DATA ELEMENTS--GENERAL INFORMATION
fixed length control field 150126b xxu||||| |||| 00| 0 eng d
020 ## - INTERNATIONAL STANDARD BOOK NUMBER
International Standard Book Number 9789814371568
050 ## - LIBRARY OF CONGRESS CALL NUMBER
Classification number RM 172
Item number .B642 2014
100 ## - MAIN ENTRY--PERSONAL NAME
Personal name Blaney, Kathy D.
245 ## - TITLE STATEMENT
Title Basic and applied concepts of blood banking and transfusion practices /
Statement of responsibility, etc Kathy D. Blaney and Paula R. Howard.
250 ## - EDITION STATEMENT
Edition statement 3rd ed.
260 ## - PUBLICATION, DISTRIBUTION, ETC. (IMPRINT)
Place of publication, distribution, etc Singapore :
Name of publisher, distributor, etc Elsevier,
Date of publication, distribution, etc c2014.
300 ## - PHYSICAL DESCRIPTION
Extent 387 pages :
Other physical details colored illustrations ;
Dimensions 25 cm.
650 ## - SUBJECT ADDED ENTRY--TOPICAL TERM
Topical term or geographic name as entry element Blood banks.
650 ## - SUBJECT ADDED ENTRY--TOPICAL TERM
Topical term or geographic name as entry element Blood
General subdivision Transfusion.
650 ## - SUBJECT ADDED ENTRY--TOPICAL TERM
Topical term or geographic name as entry element Immunohematology.
942 ## - ADDED ENTRY ELEMENTS (KOHA)
Source of classification or shelving scheme Library of Congress Classification
Koha item type Books
Holdings
Withdrawn status Lost status Source of classification or shelving scheme Damaged status Home library Current library Shelving location Date acquired Source of acquisition Total Checkouts Total Renewals Full call number Barcode Date last seen Date checked out Price effective from Koha item type
    Library of Congress Classification   South SEED-LPDH College Library South SEED-LPDH College Library South SEED-LPDH College Section 01/26/2015 Library Fund 2 5 RM 172 .B642 2014 SSLC1411 07/16/2018 05/22/2018 01/26/2015 Books

Basic and applied concepts of blood banking and transfusion practices /

APA

Blaney K. D., . (2014). Basic and applied concepts of blood banking and transfusion practices. Singapore: Elsevier.

Chicago

Blaney Kathy D, . 2014. Basic and applied concepts of blood banking and transfusion practices. Singapore: Elsevier.

Harvard

Blaney K. D., . (2014). Basic and applied concepts of blood banking and transfusion practices. Singapore: Elsevier.

MLA

Blaney Kathy D, . Basic and applied concepts of blood banking and transfusion practices. Singapore: Elsevier. 2014.

  • Place hold
  • Print
  • Cite
  • Add to your cart (remove)
  • Save record
    BIBTEX Dublin Core MARCXML MARC (non-Unicode/MARC-8) MARC (Unicode/UTF-8) MARC (Unicode/UTF-8, Standard) MODS (XML) RIS
  • More searches
    Search for this title in:
    Other Libraries (WorldCat) Other Databases (Google Scholar) Online Stores (Bookfinder.com) Open Library (openlibrary.org)

Exporting to Dublin Core...

SOUTHVILLE LIBRARY

Southville International School and Colleges Library

1281 Tropical Ave. Cor. Luxembourg St., BF Homes International, Las Pinas City

Tel. No. 8256374 / 252358 Loc. 117/146

Powered by Koha